LEADER 02578nam 2200613 a 450 001 9910457994403321 005 20200520144314.0 010 $a1-281-07065-3 010 $a9786611070656 010 $a0-08-052940-2 035 $a(CKB)1000000000384605 035 $a(EBL)319076 035 $a(SSID)ssj0000071601 035 $a(PQKBManifestationID)11110011 035 $a(PQKBTitleCode)TC0000071601 035 $a(PQKBWorkID)10090158 035 $a(PQKB)11768087 035 $a(MiAaPQ)EBC319076 035 $a(Au-PeEL)EBL319076 035 $a(CaPaEBR)ebr10206027 035 $a(CaONFJC)MIL107065 035 $a(OCoLC)437191929 035 $a(EXLCZ)991000000000384605 100 $a20050826d2006 uy 0 101 0 $aeng 135 $aur|n|---||||| 181 $ctxt 182 $cc 183 $acr 200 00$aCombustion processes in propulsion$b[electronic resource] $econtrol, noise, and pulse detonation /$fedited by Gabriel D. Roy 210 $aAmsterdam ;$aBoston $cElsevier Butterworth Heinemann$dc2006 215 $a1 online resource (504 p.) 300 $aDescription based upon print version of record. 311 $a1-4933-0070-9 311 $a0-12-369394-2 320 $aIncludes bibliographical references and indexes. 327 $asection 1. Control of combustion processes -- section 2. High-speed jet noise -- section 3. Pulse detonation engines. 330 $aChemical propulsion comprises the science and technology of using chemical reactions of any kind to create thrust and thereby propel a vehicle or object to a desired acceleration and speed. This book focuses on recent advances in the design of very highly efficient, low-pollution-emitting propulsion systems, as well as advances in testing, diagnostics and analysis. It offers unique coverage of Pulse Detonation Engines, which add tremendous power to jet thrust by combining high pressure with ignition of the air/fuel mixture. Readers will learn about the advances in the reduction of jet noise 606 $aCombustion engineering 606 $aJet propulsion 606 $aInternal combustion engines$xCombustion 608 $aElectronic books. 615 0$aCombustion engineering. 615 0$aJet propulsion. 615 0$aInternal combustion engines$xCombustion. 676 $a658.3/82 701 $aRoy$b G. D$g(Gabriel D.)$067576 801 0$bMiAaPQ 801 1$bMiAaPQ 801 2$bMiAaPQ 906 $aBOOK 912 $a9910457994403321 996 $aCombustion processes in propulsion$92267323 997 $aUNINA LEADER 02892nam 2200529 450 001 9910554486303321 005 20210315114141.0 010 $a3-0356-2190-X 024 7 $a10.1515/9783035621907 035 $a(CKB)4100000011435875 035 $a(DE-B1597)546231 035 $a(DE-B1597)9783035621907 035 $a(MiAaPQ)EBC6414316 035 $a(OCoLC)1198930449 035 $a(EXLCZ)994100000011435875 100 $a20210315d2017 uy 0 101 0 $aeng 135 $aur||||||||||| 181 $ctxt$2rdacontent 182 $cc$2rdamedia 183 $acr$2rdacarrier 200 10$aBasics modelbuilding /$fAlexander Schilling 205 $aThird edition. 210 1$aBasel :$cBirkha?user,$d2017. 215 $a1 online resource (80 p.) 225 1 $aBasics 311 $a3-0356-2186-1 327 $tFrontmatter -- $tContents -- $tForeword -- $tThe architectural model as a means of representation -- $tTypes of models -- $tDesign and concept development -- $tEquipment, tools and techniques -- $tMaterials -- $tFrom drawing to model ? steps and approaches -- $tIn conclusion -- $tAppendix 330 $aModelle ermöglichen eine räumliche Vorstellung des Konzeptes. Das Entwerfen am Modell und das Präsentieren von Konzepten ist ein wichtiger Schritt in der Bildung eines Entwurfsbewusstseins. Themen: Abstraktionsgrade und Detailtiefe Modelltypologien Typische Arbeitsmittel und -techniken Materialität von Modellen Präsentationsmöglichkeiten 330 $aModels are spatial presentations of architectural concepts, miniature representations of the proposed buildings. Better than any drawing or computer simulation, they help to create a better spatial impression of the projected building, because anybody looking at a model can select the angle of view and thereby obtain a personal impression of the space. Designing and presenting a design concept with the help of a model is an important step in creating an awareness of the intended design. Basics Model Building provides students with concise knowledge of model typologies, materials, tools, and techniques for the professional creation of working and presentation models. The new edition of this successful volume has been updated and supplemented, in particular in the field of digital model building. 410 0$aBasics. 606 $aArchitectural models 606 $aArchitectural student handbook 606 $aArchitecture 615 0$aArchitectural models. 615 0$aArchitectural student handbook. 615 0$aArchitecture. 676 $a720.228 700 $aSchilling$b Alexander$01217467 702 $aBielefeld$b Bert, $4ctb$4https://id.loc.gov/vocabulary/relators/ctb 801 0$bMiAaPQ 801 1$bMiAaPQ 801 2$bMiAaPQ 906 $aBOOK 912 $a9910554486303321 996 $aBasics modelbuilding$92815631 997 $aUNINA